Land conservation through public/private partnerships (Registro nro. 4315)

Detalles MARC
000 -CABECERA
Campo de control 00750nam a2200253 a 4500
005 - FECHA Y HORA DE LA ULTIMA TRANSACCION
Campo de control 20170914111908.0
008 - ELEMENTOS DE LONGITUD FIJA—INFORMACION GENERAL
Campo de control 140314b1993 wau||||| |||| 00| 0 eng d
020 ## - ISBN
ISBN 1559631767
040 ## - FUENTE DE CATALOGACIÓN
Agencia catalogadora original CO-BoIAVH
Agencia transcriptora CO-BoIAVH
041 ## - IDIOMA
Código de idioma para texto/pista de sonido o título separado Inglés
044 ## - PAÍS DE PUBLICACIÓN
País de publicación Estados Unidos
082 ## - NUMERO DE CLASIFICACION DECIMAL DEWEY
Número de clasificación 333.7316
Número del ítem L73l
245 10 - MENCION DE TITULO
Título Land conservation through public/private partnerships
260 ## - PUBLICACION, DISTRIBUCION, ETC. (PIE DE IMPRENTA)
Lugar de publicación, distribución, etc. Washington
Nombre del editor, distribuidor, etc. Lincoln Institute of Land Policy
Fecha de publicación, distribución, etc. 1993
300 ## - DESCRIPCION FISICA
Extensión 364 páginas
650 14 - ASIENTO SECUNDARIO DE MATERIA - TERMINO TEMATICO
Término temático o nombre geográfico como elemento de entrada Tierra
Subdivisión de forma Conservación
9 (RLIN) 84394
650 14 - ASIENTO SECUNDARIO DE MATERIA - TERMINO TEMATICO
Término temático o nombre geográfico como elemento de entrada Asociaciones
Subdivisión de forma Publicas
9 (RLIN) 84395
650 14 - ASIENTO SECUNDARIO DE MATERIA - TERMINO TEMATICO
Término temático o nombre geográfico como elemento de entrada Privadas
9 (RLIN) 84396
650 14 - ASIENTO SECUNDARIO DE MATERIA - TERMINO TEMATICO
Término temático o nombre geográfico como elemento de entrada Recursos naturales
Subdivisión de forma Protección
9 (RLIN) 84397
700 ## - ASIENTO SECUNDARIO - NOMBRE PERSONAL
Nombre personal Endicott, Eve
9 (RLIN) 21794
700 ## - ASIENTO SECUNDARIO - NOMBRE PERSONAL
Nombre personal Chafee, Senator John
9 (RLIN) 21795
942 ## - ELEMENTOS ADICIONALES (KOHA)
Tipo de ítem Libro
Sistema de clasificación Dewey Decimal Classification
945 ## - PROCESAMIENTO LOCAL
AAAA-MM-DD - Fecha de ingreso o modificacion 2005-01-26
Existencias
Withdrawn status Lost status Sistema de Clasificación Damaged status No para préstamo Colección Inventariado Ubicación Permanente Ubicación actual Fecha de adquisición Fuente de Valor Valor Total Checkouts Número topográfico Inventario / Código de Barras Date last seen Ejemplar Price effective from Forma de adquisición Tipo de material
    Dewey Decimal Classification     General Inventariado 2017 Sala Fabio Quevedo Sala Fabio Quevedo 26/01/2005 Instituto 39000.00   LB-333.7316 L73l 017085 04/12/2012 Ej. 1 04/12/2012 Donación Libro